书目信息 |
| 题名: |
资本主义国家现代心理学
|
|
| 作者: | 肖罗霍娃 主编 ;孙名之 译 | |
| 分册: | 上册 | |
| 出版信息: | 长沙 湖南省心理学会湖南师院教育系 [不详] |
|
| 页数: | 258页 | |
| 开本: | 20cm | |
| 丛书名: | ||
| 单 册: | ||
| 中图分类: | B84 | |
| 科图分类: | ||
| 主题词: | 心理学 | |
| 电子资源: | ||
| ISBN: | ||
| 000 | 00605nam0 2200193 45 | |
| 001 | 0181024926 | |
| 005 | 20060426091525.85 | |
| 010 | @dCNY0.50 | |
| 100 | @a20810111d km y0chiy0120 ea | |
| 101 | 0 | @achi@crus |
| 200 | 1 | @a资本主义国家现代心理学@AZi Ben Zhu Yi Guo Jia Xian Dai Xin Li Xue@h上册@f(苏)肖罗霍娃主编@F(Su)Xiao Luo Huo Wa Zhu Bian@g孙名之译 |
| 210 | @a长沙@c湖南省心理学会湖南师院教育系@d[不详] | |
| 215 | @a258页@d20cm | |
| 606 | 0 | @a心理学 |
| 690 | @aB84@v3 | |
| 701 | 0 | @a肖罗霍娃@4主编 |
| 702 | 0 | @a孙名之@ASun Ming Zhi@4译 |
| 801 | @aCN@bTSTC@c20060426 | |
| 905 | @dB84@e164:1@f1@b176411 | |
| 资本主义国家现代心理学.上册/(苏)肖罗霍娃主编/孙名之译.-长沙:湖南省心理学会湖南师院教育系,[不详] |
| 258页;20cm |
| ISBN :CNY0.50 |
| ● |
| 相关链接 |
|
|
|
|
正题名:资本主义国家现代心理学
索取号:B84/164:1
 
预约/预借
| 序号 | 登录号 | 条形码 | 馆藏地/架位号 | 状态 | 备注 |
| 1 | 0176409 | 001857039 | 密集书库/ [索取号:B84/164:1] | 在馆 | |
| 2 | 0176410 | 000525337 | 密集书库/ [索取号:B84/164:1] | 在馆 | |
| 3 | 0176411 | 000524579 | 第一样本阅览室/ [索取号:B84/164:1] | 在馆 |